Teorija funkcii v poligrupe
Salvato in:
| Autore principale: | |
|---|---|
| Natura: | Libro |
| Lingua: | russo |
| Pubblicazione: |
Moskva :
Mir,
1974
|
| Soggetti: | |
| Tags: |
Nessun Tag, puoi essere il primo ad aggiungerne!!
|
MARC
| LEADER | 00000nam a22000003a 4500 | ||
|---|---|---|---|
| 001 | stu237818 | ||
| 005 | 20150617230145.5 | ||
| 008 | 111104s1984----xxr-----------------rus-d | ||
| 040 | |a STU |b slo | ||
| 041 | 0 | |a rus | |
| 044 | |a xxr | ||
| 080 | |a 517.53 | ||
| 100 | 1 | |a Rudin, Walter |4 aut | |
| 242 | 0 | 0 | |a Function theory in polydics |
| 245 | 1 | |a Teorija funkcii v poligrupe | |
| 260 | |a Moskva : |b Mir, |c 1974 | ||
| 300 | |a 160 s | ||
| 650 | 7 | |a funkcionálna analýza |2 stusub | |
| 996 | |b E34601 |c E*34601 |l EE03 |s P |a 0 |w stu237818_0001 | ||